Využitie lineárneho programovania v logistike podniku bakalárska práca

Na minha lista:
Detalhes bibliográficos
Autor principal: Jurík, Branislav
Autor Corporativo: Fakulta hospodárskej informatiky EU. Katedra operačného výskumu a ekonometrie
Outros Autores: Reiff, Marian, 1978-
Formato: Livro
Idioma:eslovaco
Publicado em: Bratislava 2009
Tags: Adicionar Tag
Sem tags, seja o primeiro a adicionar uma tag!

MARC

LEADER 00000nam$a2200000$$$4500
001 0097635
005 20240318134210.5
041 0 |a slo 
044 |a SK 
245 1 0 |a Využitie lineárneho programovania v logistike podniku  |b bakalárska práca  |c Branislav Jurík ; škol. Marian Reiff 
264 1 |a Bratislava  |c 2009 
300 |a 26 s. 
100 1 |a Jurík, Branislav 
700 1 |a Reiff, Marian, 1978- 
710 2 |a Fakulta hospodárskej informatiky EU. Katedra operačného výskumu a ekonometrie